Le genocide franco-francais: la vendee-venge
I tiakina i:
| Kaituhi matua: | |
|---|---|
| Hōputu: | Pukapuka |
| Reo: | Wīwī |
| I whakaputaina: |
París
PUF
1986
|
| Ngā marau: | |
| Ngā Tūtohu: |
Tāpirihia he Tūtohu
Kāore He Tūtohu, Me noho koe te mea tuatahi ki te tūtohu i tēnei pūkete!
|
MARC
| LEADER | 00000nam a2200000 a 4500 | ||
|---|---|---|---|
| 001 | UCX7510 | ||
| 003 | CL-VaPUC | ||
| 008 | 931213e19860000FR |||||||||||||||||fre|d | ||
| 082 | 0 | 4 | |a 944.04 |b SEC |2 21 |
| 100 | 0 | |a Secher, Reynald |e author |9 324377 | |
| 245 | 1 | 3 | |a Le genocide franco-francais: la vendee-venge |
| 300 | |a 338 p | ||
| 942 | |c BK | ||
| 945 | |d 19931213 00:00:00 |a aalvarez | ||
| 260 | |a París |b PUF |c 1986 | ||
| 650 | 7 | |a HISTORIA REVOLUCION 1789-1799 |2 CL-VaPUC |9 266279 | |
| 651 | 0 | |a Francia |9 255157 | |
| 583 | |a last modification |c 19931213 00:00:00 |k Rodrigo Vera | ||
| 999 | |c 227316 |d 227314 | ||
| 952 | |0 0 |1 0 |4 0 |6 944_040000000000000_SEC_1986 |7 0 |8 A |9 226244 |a BIBHIS |b BIBHIS |d 2019-11-15 |i 2948001 |o 944.04 SEC 1986 |p 2948001 |r 2025-01-20 |w 2019-11-15 |y BK |k HIS | ||